Stephen Curry quiz - Statistics

General Stats
  • This quiz has been taken 69 times
  • The average score is 13 of 15
Answer Stats
Question Answer % Correct
Jersey number 30
100%
How many rings does he have 4
100%
Whose his coach steve kerr
98%
What team does he play for warriors
98%
Whose his splash bro klay thompson
97%
What other sport does he love golf
94%
When was he drafted 2009
92%
Where did he go to college davidson
92%
who's his brother who also plays in the NBA seth curry
90%
What's his real name wardell
87%
How many seasons has he been in the league 15
84%
How tall is he 6,2
84%
What's his dads name dell curry
83%
what's his favorite NFL team carolina panthers
68%
Whats his nickname baby faced assassin
57%
No matching quizzes found
Score Distribution
Percent of People with Each Score
Percentile by Number Answered
Your Score History
You have not taken this quiz